[Event "Lidkoping Open 2019"]
[Site "Lidkoping"]
[Date "2019.08.25"]
[Round "7.15"]
[White "Wiklund, Robert"]
[Black "Bengtsson, Siv"]
[Result "1/2-1/2"]
[WhiteElo "1785"]
[BlackElo "2074"]
[Annotator "NA"]
[PlyCount "76"]
[EventDate "2019.08.19"]
[EventType "swiss"]
[EventCountry "SWE"]
[SourceTitle "playchess.com"]
[Source "ChessBase"]
[SourceQuality "1"]
[TimeControl "2700+10"]

1. e4 {[%emt 0:00:00]} c5 {[%emt 0:00:00]} 2. Nf3 {[%emt 0:00:17]} Nc6 {[%emt 0:00:00]} 3. d4 {[%emt 0:00:02]} cxd4 {[%emt 0:00:02]} 4. Nxd4 {[%emt 0:00:02]} Nf6 {[%emt 0:00:15]} 5. Nc3 {[%emt 0:00:03]} e5 {[%emt 0:00:13]} 6. Ndb5 {[%emt 0:00:11]} d6 {[%emt 0:00:29]} 7. Bg5 {[%emt 0:00:05]} a6 {[%emt 0:00:40]} 8. Bxf6 {[%emt 0:00:08]} gxf6 {[%emt 0:00:08]} 9. Na3 {[%emt 0:00:02]} b5 {[%emt 0:00:38]} 10. Nd5 {[%emt 0:00:02]} f5 {[%emt 0:00:29]} 11. c3 {[%emt 0:00:05]} Bg7 {[%emt 0:02:44]} 12. exf5 {[%emt 0:00:17]} Bxf5 {[%emt 0:00:47]} 13. Nc2 {[%emt 0:00:01]} O-O {[%emt 0:01:56]} 14. Nce3 {[%emt 0:00:03]} Be6 {[%emt 0:00:07]} 15. g3 {[%emt 0:01:21]} f5 {[%emt 0:03:12]} 16. Bg2 {[%emt 0:00:42]} Rc8 {[%emt 0:02:37]} 17. f4 {[%emt 0:01:40]} e4 {[%emt 0:03:04]} 18. O-O {[%emt 0:02:40]} b4 {[%emt 0:05:13]} 19. g4 {[%emt 0:01:44]} bxc3 {[%emt 0:03:49]} 20. bxc3 {[%emt 0:02:48]} Ne7 {[%emt 0:02:06]} 21. gxf5 {[%emt 0:01:18]} Nxf5 {[%emt 0:05:11]} 22. Nxf5 {[%emt 0:05:39]} Bxf5 {[%emt 0:00:11]} 23. Qd2 {[%emt 0:01:24]} Kh8 {[%emt 0:02:43]} 24. Rad1 {[%emt 0:05:49]} Qa5 {[%emt 0:03:46]} 25. Ne7 {[%emt 0:06:41]} Qc5+ {[%emt 0:00:15]} 26. Kh1 {[%emt 0:00:41]} e3 {[%emt 0:03:32]} 27. Qe2 {[%emt 0:02:45]} Be6 {[%emt 0:01:09]} 28. Nxc8 {[%emt 0:01:11]} Bc4 {[%emt 0:00:03]} 29. Rd3 {[%emt 0:00:13]} Bxd3 {[%emt 0:00:31]} 30. Qxd3 {[%emt 0:00:02]} Rxc8 {[%emt 0:00:03]} 31. Re1 {[%emt 0:01:45]} Qxc3 {[%emt 0:00:19]} 32. Qxc3 {[%emt 0:01:14]} Rxc3 {[%emt 0:00:03]} 33. Bf3 {[%emt 0:00:05]} Bd4 {[%emt 0:00:48]} 34. Kg2 {[%emt 0:00:28]} Kg7 {[%emt 0:00:19]} 35. Re2 {[%emt 0:00:51]} Kf6 {[%emt 0:00:05]} 36. Be4 {[%emt 0:00:11]} h6 {[%emt 0:00:05]} 37. Kf3 {[%emt 0:00:30]} Rc7 {[%emt 0:00:38]} 38. Rc2 {[%emt 0:00:14]} Rxc2 {[%emt 0:00:17]} 1/2-1/2

[Event "Lidkoping Open 2019"]
[Site "Lidkoping"]
[Date "2019.08.25"]
[Round "7.16"]
[White "Dyrnes, Jussi"]
[Black "Johansson, Stefan"]
[Result "0-1"]
[WhiteElo "1779"]
[BlackElo "2016"]
[Annotator "NA"]
[PlyCount "90"]
[EventDate "2019.08.19"]
[EventType "swiss"]
[EventCountry "SWE"]
[SourceTitle "playchess.com"]
[Source "ChessBase"]
[SourceQuality "1"]
[TimeControl "2700+10"]

1. d4 {[%emt 0:00:19]} e6 {[%emt 0:00:00]} 2. Bf4 {[%emt 0:00:17]} f5 {[%emt 0:00:00]} 3. h3 {[%emt 0:00:35]} Nf6 {[%emt 0:00:43]} 4. g4 {[%emt 0:01:24]} Nd5 {[%emt 0:01:32]} 5. Bd2 {[%emt 0:01:35]} Nc6 {[%emt 0:01:23]} 6. e3 {[%emt 0:01:00]} g6 {[%emt 0:01:46]} 7. Bc4 {[%emt 0:01:20]} Nb6 {[%emt 0:02:18]} 8. Bb3 {[%emt 0:00:36]} d5 {[%emt 0:00:07]} 9. gxf5 {[%emt 0:01:48]} exf5 {[%emt 0:00:01]} 10. Nc3 {[%emt 0:00:36]} Bg7 {[%emt 0:00:25]} 11. Nge2 {[%emt 0:01:28]} Be6 {[%emt 0:02:34]} 12. Nf4 {[%emt 0:00:12]} Bf7 {[%emt 0:00:01]} 13. Qf3 {[%emt 0:00:41]} Ne7 {[%emt 0:00:19]} 14. h4 {[%emt 0:01:55]} h6 {[%emt 0:01:02]} 15. O-O-O {[%emt 0:05:12]} Qd7 {[%emt 0:00:19]} 16. Nd3 {[%emt 0:00:18]} O-O-O {[%emt 0:00:44]} 17. Nc5 {[%emt 0:00:30]} Qe8 {[%emt 0:01:02]} 18. Qe2 {[%emt 0:01:48]} Kb8 {[%emt 0:00:47]} 19. a4 {[%emt 0:01:50]} c6 {[%emt 0:02:58]} 20. a5 {[%emt 0:05:09]} Nd7 {[%emt 0:01:35]} 21. N3a4 {[%emt 0:00:09]} Nxc5 {[%emt 0:01:08]} 22. Nxc5 {[%emt 0:00:03]} Nc8 {[%emt 0:00:30]} 23. f3 {[%emt 0:01:17]} Bxd4 {[%emt 0:01:43]} 24. Na4 {[%emt 0:04:50]} Bf6 {[%emt 0:00:22]} 25. Bb4 {[%emt 0:00:36]} Nd6 {[%emt 0:02:48]} 26. Bxd6+ {[%emt 0:02:59]} Rxd6 {[%emt 0:00:02]} 27. Qd2 {[%emt 0:02:17]} Rd8 {[%emt 0:00:27]} 28. Rde1 {[%emt 0:01:19]} Qe7 {[%emt 0:00:40]} 29. Kb1 {[%emt 0:01:39]} Rhe8 {[%emt 0:01:20]} 30. Qf2 {[%emt 0:00:37]} Qc7 {[%emt 0:01:59]} 31. Qd2 {[%emt 0:00:41]} c5 {[%emt 0:00:26]} 32. Nc3 {[%emt 0:02:02]} Qxa5 {[%emt 0:00:53]} 33. Qh2+ {[%emt 0:00:36]} Be5 {[%emt 0:00:44]} 34. f4 {[%emt 0:00:10]} Bxc3 {[%emt 0:00:08]} 35. bxc3 {[%emt 0:00:03]} Qxc3 {[%emt 0:00:01]} 36. Qe2 {[%emt 0:01:09]} c4 {[%emt 0:00:10]} 37. Ba2 {[%emt 0:00:05]} Rd6 {[%emt 0:00:15]} 38. Kc1 {[%emt 0:00:57]} Qa1+ {[%emt 0:01:59]} 39. Bb1 {[%emt 0:00:02]} c3 {[%emt 0:00:24]} 40. Qd3 {[%emt 0:00:20]} Rb6 {[%emt 0:00:13]} 41. Kd1 {[%emt 0:00:17]} Rxb1+ {[%emt 0:00:11]} 42. Ke2 {[%emt 0:00:01]} Rxe1+ {[%emt 0:00:01]} 43. Rxe1 {[%emt 0:00:01]} Qa6 {[%emt 0:00:02]} 44. Rb1 {[%emt 0:00:11]} Qxd3+ {[%emt 0:00:02]} 45. Kxd3 {[%emt 0:00:03]} a6 {[%emt 0:00:34]} 0-1

[Event "Lidkoping Open 2019"]
[Site "Lidkoping"]
[Date "2019.08.25"]
[Round "7.17"]
[White "Strom-Engdahl, Alexander"]
[Black "Beslagic, Smail"]
[Result "1/2-1/2"]
[WhiteElo "1858"]
[BlackElo "1853"]
[Annotator "NA"]
[PlyCount "34"]
[EventDate "2019.08.19"]
[EventType "swiss"]
[EventCountry "SWE"]
[SourceTitle "playchess.com"]
[Source "ChessBase"]
[SourceQuality "1"]
[TimeControl "2700+10"]

1. c4 {[%emt 0:00:05]} c5 {[%emt 0:01:08]} 2. Nc3 {[%emt 0:00:41]} Nc6 {[%emt 0:00:37]} 3. g3 {[%emt 0:00:42]} g6 {[%emt 0:00:30]} 4. Bg2 {[%emt 0:00:15]} Bg7 {[%emt 0:00:10]} 5. d3 {[%emt 0:00:22]} Nf6 {[%emt 0:00:31]} 6. a3 {[%emt 0:01:45]} O-O {[%emt 0:01:39]} 7. Rb1 {[%emt 0:00:13]} d6 {[%emt 0:03:50]} 8. e3 {[%emt 0:01:01]} Nd7 {[%emt 0:01:42]} 9. Nge2 {[%emt 0:00:19]} Rb8 {[%emt 0:00:13]} 10. b4 {[%emt 0:00:17]} e6 {[%emt 0:01:55]} 11. O-O {[%emt 0:02:12]} Ne7 {[%emt 0:01:00]} 12. d4 {[%emt 0:03:35]} cxd4 {[%emt 0:02:58]} 13. exd4 {[%emt 0:00:43]} a6 {[%emt 0:01:05]} 14. Bg5 {[%emt 0:07:17]} h6 {[%emt 0:01:18]} 15. Be3 {[%emt 0:01:37]} Qc7 {[%emt 0:06:05]} 16. Qd3 {[%emt 0:02:13]} b6 {[%emt 0:02:45]} 17. Rfc1 {[%emt 0:05:48]} Bb7 {[%emt 0:00:13]} 1/2-1/2

[Event "Lidkoping Open 2019"]
[Site "Lidkoping"]
[Date "2019.08.25"]
[Round "7.18"]
[White "Johansson, Eva"]
[Black "Nordlund, Keith"]
[Result "1/2-1/2"]
[WhiteElo "1869"]
[BlackElo "2013"]
[Annotator "NA"]
[PlyCount "29"]
[EventDate "2019.08.19"]
[EventType "swiss"]
[EventCountry "SWE"]
[SourceTitle "playchess.com"]
[Source "ChessBase"]
[SourceQuality "1"]
[TimeControl "2700+10"]

1. d4 {[%emt 0:00:00]} Nf6 {[%emt 0:00:00]} 2. c4 {[%emt 0:00:00]} c5 {[%emt 0:00:04]} 3. d5 {[%emt 0:00:12]} e5 {[%emt 0:00:39]} 4. Nc3 {[%emt 0:01:10]} d6 {[%emt 0:00:15]} 5. g3 {[%emt 0:00:57]} Be7 {[%emt 0:01:12]} 6. Bg2 {[%emt 0:00:03]} Nbd7 {[%emt 0:00:30]} 7. e4 {[%emt 0:00:39]} O-O {[%emt 0:01:06]} 8. Nge2 {[%emt 0:00:34]} a6 {[%emt 0:00:49]} 9. O-O {[%emt 0:00:48]} Ne8 {[%emt 0:00:23]} 10. f4 {[%emt 0:01:55]} g6 {[%emt 0:03:27]} 11. Be3 {[%emt 0:02:35]} Ng7 {[%emt 0:01:20]} 12. Qc2 {[%emt 0:03:04]} Rb8 {[%emt 0:00:36]} 13. a4 {[%emt 0:00:11]} b6 {[%emt 0:00:16]} 14. Ra3 {[%emt 0:01:43]} f6 {[%emt 0:00:38]} 15. f5 {[%emt 0:33:39]} 1/2-1/2

[Event "Lidkoping Open 2019"]
[Site "Lidkoping"]
[Date "2019.08.25"]
[Round "7.19"]
[White "Frisk, Anders"]
[Black "Svensson, Leif"]
[Result "0-1"]
[WhiteElo "1776"]
[BlackElo "2027"]
[Annotator "NA"]
[PlyCount "34"]
[EventDate "2019.08.19"]
[EventType "swiss"]
[EventCountry "SWE"]
[SourceTitle "playchess.com"]
[Source "ChessBase"]
[SourceQuality "1"]
[TimeControl "2700+10"]

1. c4 {[%emt 0:00:00]} c6 {[%emt 0:00:10]} 2. Nc3 {[%emt 0:00:00]} d5 {[%emt 0:00:04]} 3. e3 {[%emt 0:00:09]} e6 {[%emt 0:01:41]} 4. Nf3 {[%emt 0:00:20]} Nd7 {[%emt 0:00:22]} 5. Be2 {[%emt 0:01:30]} Bd6 {[%emt 0:00:27]} 6. Qc2 {[%emt 0:02:15]} Ngf6 {[%emt 0:00:18]} 7. O-O {[%emt 0:00:59]} O-O {[%emt 0:00:08]} 8. b3 {[%emt 0:01:33]} Re8 {[%emt 0:00:13]} 9. Bb2 {[%emt 0:01:59]} e5 {[%emt 0:05:17]} 10. cxd5 {[%emt 0:00:21]} Nxd5 {[%emt 0:02:05]} 11. Ne4 {[%emt 0:05:40]} Bc7 {[%emt 0:02:07]} 12. Neg5 {[%emt 0:03:20]} g6 {[%emt 0:01:10]} 13. h4 {[%emt 0:05:49]} N7f6 {[%emt 0:01:44]} 14. g3 {[%emt 0:04:17]} e4 {[%emt 0:02:19]} 15. Bxf6 {[%emt 0:03:21]} Nxf6 {[%emt 0:01:22]} 16. Qc4 {[%emt 0:02:29]} Qe7 {[%emt 0:01:17]} 17. Nxh7 {[%emt 0:06:54]} exf3 {[%emt 0:02:51]} 0-1

[Event "Lidkoping Open 2019"]
[Site "Lidkoping"]
[Date "2019.08.25"]
[Round "7.20"]
[White "Nordstrom, Per-Olov"]
[Black "Muntean, Victor"]
[Result "0-1"]
[WhiteElo "1899"]
[BlackElo "2002"]
[Annotator "NA"]
[PlyCount "64"]
[EventDate "2019.08.19"]
[EventType "swiss"]
[EventCountry "SWE"]
[SourceTitle "playchess.com"]
[Source "ChessBase"]
[SourceQuality "1"]
[TimeControl "2700+10"]

1. e4 {[%emt 0:00:00]} e5 {[%emt 0:00:00]} 2. Nf3 {[%emt 0:00:03]} Nc6 {[%emt 0:00:00]} 3. Bc4 {[%emt 0:00:06]} Nf6 {[%emt 0:00:03]} 4. d3 {[%emt 0:00:12]} Be7 {[%emt 0:00:04]} 5. c3 {[%emt 0:00:14]} O-O {[%emt 0:00:11]} 6. O-O {[%emt 0:00:19]} d5 {[%emt 0:01:20]} 7. exd5 {[%emt 0:00:29]} Nxd5 {[%emt 0:00:02]} 8. Re1 {[%emt 0:00:18]} Bg4 {[%emt 0:00:52]} 9. h3 {[%emt 0:00:50]} Bh5 {[%emt 0:00:07]} 10. Nbd2 {[%emt 0:01:36]} Kh8 {[%emt 0:02:00]} 11. Ne4 {[%emt 0:01:23]} Nf4 {[%emt 0:03:11]} 12. Ng3 {[%emt 0:04:02]} Bg6 {[%emt 0:02:15]} 13. Nxe5 {[%emt 0:01:52]} Nxe5 {[%emt 0:00:30]} 14. Rxe5 {[%emt 0:02:46]} f6 {[%emt 0:01:47]} 15. Rxe7 {[%emt 0:01:37]} Nxh3+ {[%emt 0:00:08]} 16. gxh3 {[%emt 0:00:27]} Qxe7 {[%emt 0:00:04]} 17. Be3 {[%emt 0:02:44]} Rad8 {[%emt 0:01:47]} 18. d4 {[%emt 0:03:41]} f5 {[%emt 0:07:03]} 19. Qd2 {[%emt 0:01:09]} h6 {[%emt 0:04:14]} 20. Ne2 {[%emt 0:03:42]} Bh7 {[%emt 0:01:29]} 21. Nf4 {[%emt 0:01:35]} g5 {[%emt 0:03:34]} 22. Nd5 {[%emt 0:06:58]} Qg7 {[%emt 0:02:18]} 23. f3 {[%emt 0:01:54]} Bg8 {[%emt 0:01:30]} 24. Nb6 {[%emt 0:06:57]} axb6 {[%emt 0:00:11]} 25. d5 {[%emt 0:00:04]} Kh7 {[%emt 0:01:35]} 26. Bd4 {[%emt 0:00:25]} Qg6 {[%emt 0:00:28]} 27. Re1 {[%emt 0:00:25]} Bxd5 {[%emt 0:04:14]} 28. Bxd5 {[%emt 0:02:00]} Rxd5 {[%emt 0:00:07]} 29. Re7+ {[%emt 0:00:06]} Rf7 {[%emt 0:00:27]} 30. Re8 {[%emt 0:00:11]} Qd6 {[%emt 0:00:48]} 31. Rh8+ {[%emt 0:00:15]} Kg6 {[%emt 0:00:03]} 32. Qg2 {[%emt 0:01:10]} Rxd4 {[%emt 0:00:35]} 0-1

[Event "Lidkoping Open 2019"]
[Site "Lidkoping"]
[Date "2019.08.25"]
[Round "7.21"]
[White "Svedberg, Hans"]
[Black "Karlsson, Roger"]
[Result "1-0"]
[WhiteElo "2008"]
[BlackElo "1892"]
[Annotator "NA"]
[PlyCount "52"]
[EventDate "2019.08.19"]
[EventType "swiss"]
[EventCountry "SWE"]
[SourceTitle "playchess.com"]
[Source "ChessBase"]
[SourceQuality "1"]
[TimeControl "2700+10"]

1. e4 {[%emt 0:02:15]} c6 {[%emt 0:00:00]} 2. d4 {[%emt 0:00:05]} d5 {[%emt 0:00:00]} 3. e5 {[%emt 0:00:04]} Bf5 {[%emt 0:00:03]} 4. Nf3 {[%emt 0:00:05]} e6 {[%emt 0:00:10]} 5. Be2 {[%emt 0:00:09]} c5 {[%emt 0:00:18]} 6. O-O {[%emt 0:01:10]} Nc6 {[%emt 0:00:10]} 7. Be3 {[%emt 0:00:16]} Qb6 {[%emt 0:05:45]} 8. Nc3 {[%emt 0:04:09]} c4 {[%emt 0:07:06]} 9. b3 {[%emt 0:09:07]} cxb3 {[%emt 0:04:59]} 10. axb3 {[%emt 0:02:02]} Rc8 {[%emt 0:04:46]} 11. Na4 {[%emt 0:03:27]} Qd8 {[%emt 0:06:57]} 12. c4 {[%emt 0:03:04]} Bb4 {[%emt 0:03:35]} 13. cxd5 {[%emt 0:04:50]} exd5 {[%emt 0:02:29]} 14. Rc1 {[%emt 0:02:32]} Nge7 {[%emt 0:00:59]} 15. Nh4 {[%emt 0:02:57]} O-O {[%emt 0:05:15]} 16. f4 {[%emt 0:02:53]} Be4 {[%emt 0:01:39]} 17. f5 {[%emt 0:00:38]} Qd7 {[%emt 0:02:38]} 18. f6 {[%emt 0:03:10]} Nf5 {[%emt 0:00:47]} 19. Nxf5 {[%emt 0:00:38]} Bxf5 {[%emt 0:00:01]} 20. Rxf5 {[%emt 0:00:40]} Qxf5 {[%emt 0:00:06]} 21. Bd3 {[%emt 0:00:03]} Qe6 {[%emt 0:00:31]} 22. Qh5 {[%emt 0:00:20]} h6 {[%emt 0:00:13]} 23. Bf5 {[%emt 0:02:21]} Qe8 {[%emt 0:00:01]} 24. fxg7 {[%emt 0:00:12]} f6 {[%emt 0:00:21]} 25. Qxh6 {[%emt 0:02:03]} Bd6 {[%emt 0:00:21]} 26. e6 Bb4 1-0

[Event "Lidkoping Open 2019"]
[Site "Lidkoping"]
[Date "2019.08.25"]
[Round "7.22"]
[White "Loken, Espen"]
[Black "Bermann, Martin"]
[Result "0-1"]
[WhiteElo "1805"]
[BlackElo "1889"]
[Annotator "NA"]
[PlyCount "78"]
[EventDate "2019.08.19"]
[EventType "swiss"]
[EventCountry "SWE"]
[SourceTitle "playchess.com"]
[Source "ChessBase"]
[SourceQuality "1"]
[TimeControl "2700+10"]

1. d4 {[%emt 0:00:00]} Nf6 {[%emt 0:00:03]} 2. Nf3 {[%emt 0:00:07]} g6 {[%emt 0:00:03]} 3. g3 {[%emt 0:00:09]} Bg7 {[%emt 0:00:03]} 4. Bg2 {[%emt 0:00:02]} O-O {[%emt 0:00:04]} 5. O-O {[%emt 0:00:05]} d5 {[%emt 0:00:06]} 6. c4 {[%emt 0:00:25]} c6 {[%emt 0:00:09]} 7. cxd5 {[%emt 0:00:13]} cxd5 {[%emt 0:00:04]} 8. Nc3 {[%emt 0:00:08]} Nc6 {[%emt 0:45:48]} 9. Bg5 {[%emt 0:01:03]} h6 {[%emt 0:00:00]} 10. Bf4 {[%emt 0:00:36]} Bf5 {[%emt 0:00:00]} 11. Rc1 {[%emt 0:00:47]} Rc8 {[%emt 0:00:00]} 12. Nh4 {[%emt 0:01:27]} Be6 {[%emt 0:00:00]} 13. Nf3 {[%emt 0:00:24]} Ne4 {[%emt 0:00:00]} 14. Qa4 {[%emt 0:41:54]} Qd7 {[%emt 0:00:00]} 15. Ne5 {[%emt 0:00:00]} Nxe5 {[%emt 0:00:00]} 16. Bxe5 {[%emt 0:00:00]} Nxc3 {[%emt 0:00:00]} 17. Qxd7 {[%emt 0:00:00]} Nxe2+ {[%emt 0:00:00]} 18. Kh1 {[%emt 0:00:00]} Bxd7 {[%emt 0:00:00]} 19. Rxc8 {[%emt 0:00:00]} Rxc8 {[%emt 0:00:00]} 20. Bxd5 {[%emt 0:00:00]} Nxd4 {[%emt 0:00:00]} 21. Bxg7 {[%emt 0:00:00]} Kxg7 {[%emt 0:00:00]} 22. Rd1 {[%emt 0:00:00]} e5 {[%emt 0:00:00]} 23. f4 {[%emt 0:00:00]} f6 {[%emt 0:00:00]} 24. fxe5 {[%emt 0:00:00]} fxe5 {[%emt 0:00:00]} 25. Re1 {[%emt 0:00:00]} Re8 {[%emt 0:00:00]} 26. Bxb7 {[%emt 0:00:00]} Bc6+ {[%emt 0:00:00]} 27. Bxc6 {[%emt 0:00:00]} Nxc6 {[%emt 0:00:00]} 28. Kg2 {[%emt 0:00:00]} Kf6 {[%emt 0:00:00]} 29. Rc1 {[%emt 0:00:00]} Re6 {[%emt 0:00:00]} 30. Kf2 {[%emt 0:00:00]} Nb4 {[%emt 0:00:00]} 31. Rc7 {[%emt 0:00:00]} a6 {[%emt 0:00:00]} 32. Ke3 {[%emt 0:00:00]} Rc6 {[%emt 0:00:00]} 33. Rh7 {[%emt 0:00:00]} h5 {[%emt 0:00:00]} 34. a3 {[%emt 0:00:00]} Nd5+ {[%emt 0:00:00]} 35. Ke4 {[%emt 0:00:00]} Ke6 {[%emt 0:00:00]} 36. Rg7 {[%emt 0:00:00]} Nf6+ {[%emt 0:00:00]} 37. Kd3 {[%emt 0:00:00]} Rd6+ {[%emt 0:00:00]} 38. Ke2 {[%emt 0:00:00]} Kf5 {[%emt 0:00:00]} 39. h3 {[%emt 0:00:00]} Rd7 {[%emt 0:00:00]} 0-1

[Event "Lidkoping Open 2019"]
[Site "Lidkoping"]
[Date "2019.08.25"]
[Round "7.23"]
[White "Alfven, Jorgen"]
[Black "Mathisen, Runar"]
[Result "0-1"]
[WhiteElo "1871"]
[BlackElo "1868"]
[Annotator "NA"]
[PlyCount "92"]
[EventDate "2019.08.19"]
[EventType "swiss"]
[EventCountry "SWE"]
[SourceTitle "playchess.com"]
[Source "ChessBase"]
[SourceQuality "1"]
[TimeControl "2700+10"]

1. d4 {[%emt 0:02:44]} c5 {[%emt 0:00:00]} 2. c3 {[%emt 0:00:20]} Nf6 {[%emt 0:00:23]} 3. Nf3 {[%emt 0:00:15]} b6 {[%emt 0:00:36]} 4. g3 {[%emt 0:00:12]} Bb7 {[%emt 0:00:04]} 5. Bg2 {[%emt 0:00:07]} g6 {[%emt 0:01:12]} 6. Nbd2 {[%emt 0:00:47]} Bg7 {[%emt 0:00:17]} 7. O-O {[%emt 0:00:05]} O-O {[%emt 0:00:03]} 8. Qc2 {[%emt 0:00:44]} cxd4 {[%emt 0:01:55]} 9. cxd4 {[%emt 0:00:28]} Na6 {[%emt 0:42:00]} 10. a3 {[%emt 0:00:31]} Rc8 {[%emt 0:00:10]} 11. Qd3 {[%emt 0:03:26]} Nc7 {[%emt 0:00:00]} 12. Re1 {[%emt 0:00:19]} d5 {[%emt 0:00:00]} 13. b4 {[%emt 0:02:24]} Ba6 {[%emt 0:00:30]} 14. Qb3 {[%emt 0:34:58]} Nb5 {[%emt 0:00:00]} 15. Bb2 {[%emt 0:00:00]} Nd6 {[%emt 0:00:00]} 16. a4 {[%emt 0:00:00]} Bc4 {[%emt 0:00:00]} 17. Nxc4 {[%emt 0:00:00]} Nxc4 {[%emt 0:00:40]} 18. Ne5 {[%emt 0:00:40]} Nxb2 {[%emt 0:00:00]} 19. Qxb2 {[%emt 0:00:00]} Nd7 {[%emt 0:00:00]} 20. Nd3 {[%emt 0:00:00]} Rc4 {[%emt 0:00:00]} 21. e3 {[%emt 0:00:00]} e6 {[%emt 0:00:00]} 22. b5 {[%emt 0:00:00]} Nc5 {[%emt 0:00:00]} 23. Nxc5 {[%emt 0:00:00]} bxc5 {[%emt 0:00:00]} 24. Red1 {[%emt 0:00:00]} cxd4 {[%emt 0:00:00]} 25. exd4 {[%emt 0:01:10]} Qf6 {[%emt 0:00:00]} 26. Bf1 {[%emt 0:00:00]} Rxd4 {[%emt 0:00:00]} 27. Rxd4 {[%emt 0:00:00]} Qxd4 {[%emt 0:00:00]} 28. Qxd4 {[%emt 0:00:00]} Bxd4 {[%emt 0:00:00]} 29. Rc1 {[%emt 0:00:00]} Bb6 {[%emt 0:00:00]} 30. Kg2 {[%emt 0:00:00]} f6 {[%emt 0:00:00]} 31. Rc6 {[%emt 0:00:00]} Kf7 {[%emt 0:00:00]} 32. Kf3 {[%emt 0:01:10]} Rd8 {[%emt 0:00:00]} 33. Bh3 {[%emt 0:00:00]} f5 {[%emt 0:00:00]} 34. g4 {[%emt 0:00:00]} d4 {[%emt 0:00:00]} 35. gxf5 {[%emt 0:00:00]} gxf5 {[%emt 0:00:00]} 36. Ke2 {[%emt 0:00:00]} d3+ {[%emt 0:00:00]} 37. Kd2 {[%emt 0:00:00]} Bxf2 {[%emt 0:00:00]} 38. Rc7+ {[%emt 0:00:00]} Kg6 {[%emt 0:00:00]} 39. a5 {[%emt 0:00:00]} Be3+ {[%emt 0:00:00]} 40. Kd1 {[%emt 0:00:01]} Rb8 {[%emt 0:00:03]} 41. b6 {[%emt 0:00:59]} axb6 {[%emt 0:00:11]} 42. axb6 {[%emt 0:00:23]} Rxb6 {[%emt 0:00:03]} 43. Rc1 {[%emt 0:00:13]} Bxc1 {[%emt 0:00:03]} 44. Kxc1 {[%emt 0:00:01]} e5 {[%emt 0:00:05]} 45. Bf1 {[%emt 0:00:04]} e4 {[%emt 0:00:02]} 46. Kd2 {[%emt 0:00:01]} Rb2+ {[%emt 0:00:02]} 0-1